000 00560nam a22002177a 4500
003 UA-OsUOA
001 37070
007 ta
008 20060222b un ||||| |||| 00| 0 ukr d
100 _aПекар В.
090 _a004
_bП11
942 _cSA
040 _aUA-OsUOA
_brus
_cUA-OsUOA
_dUA-OsUOA
245 _aНовый Вавилон/Интернет
300 _aС.34-36
955 _a0
041 _arus
080 _a004
773 0 _w37069
_tЧип
_dК.
_d2006
_g2
650 7 _a00 Загальні питання науки і культури
_2UDC
999 _c323271
_d323271